000 00881nam a2200253 u 4500
001 000356768
003 AM-YeHGA
005 20250617131500.0
008 040820s2004 am |||||r|||||000|0|rus|d
020 _a9994132423
040 _aAM-YeHGA
041 0 _arus
100 1 _aАветисян, В.А.
245 1 0 _aПрактическая пульмонология /
_cВ.А. Аветисян.
260 _aЕреван :
_bАнтарес ,
_c2004.
300 _a176 с. :
_bил. ;
_c18 см.
504 _aСписок лит. : с. 148-154
650 1 4 _aПульмонология
650 1 4 _aДыхательная система
_vПатология
650 1 4 _aДиагностика заболеваний дыхательной системы
650 1 4 _aЛечебные методы
653 1 _aЗаболевания легких
090 _c138008
999 _c136637
_d136637